| 000 | 00516nam a2200205Ia 4500 | ||
|---|---|---|---|
| 008 | 170203s9999 xx 000 0 und d | ||
| 020 | _a9781595662514 | ||
| 050 | _a591.47 | ||
| 050 | _b.J54c 2004 | ||
| 100 | _aJennings, Terry | ||
| 245 | _aCamouflage / | ||
| 245 | _cTerry Jennings. | ||
| 260 | _aLaguna Hills, CA : | ||
| 260 | _bQEB Publishing. Inc. | ||
| 260 | _c2006 | ||
| 300 | _a24 pages : | ||
| 300 | _bcolor illustrations ; | ||
| 300 | _c22 x 24 cm. | ||
| 440 | _aQEB start reading and talking | ||
| 999 |
_c305551 _d305551 |
||